000 00997nam0a22002411 4500
001 rc\2808365
005 20260406131659.0
035 _a(NLR Aleph) 006934247
090 _a7579347
_c7579347
100 _a20110915d1936 |||y0rusy50 ca
101 0 _arus
102 _aRU
105 _ac z |||||
200 1 _aИтоги декабрьского пленума ЦК ВКП(б) и задачи московских большевиков
_eДоклад на Собрании актива Моск. орг-ции ВКП(б) 30 дек. 1935 г.
_fН. С. Хрущев
210 _a[Москва]
_cПартиздат
_d[1936]
_gф-ка книги "Кр. пролетарий"
215 _aОбл., 37, [2] с.
_cпортр.
_d19х13 см.
700 1 _4070
_8rus
_7ca
_aХрущев
_bН. С.
_f1894-1971
_gНикита Сергеевич
_3RU\NLR\AUTH\771599
_9111620
801 0 _aRU
_bNLR
_gpsbo
801 1 _aRU
_bELAR
_2rusmarc
852 _aNLR
_j36-10/307
942 _cBOOK
980 _aNB